A Tale of Two Cities (Record no. 1269)
[ view plain ]
| 000 -LEADER | |
|---|---|
| fixed length control field | 00612nam a22002537a 4500 |
| 003 - CONTROL NUMBER IDENTIFIER | |
| control field | OSt |
| 005 - DATE AND TIME OF LATEST TRANSACTION | |
| control field | 20140310181704.0 |
| 008 - FIXED-LENGTH DATA ELEMENTS--GENERAL INFORMATION | |
| fixed length control field | 121120t xxu||||| |||| 00| 0 eng d |
| 020 ## - INTERNATIONAL STANDARD BOOK NUMBER | |
| International Standard Book Number | 070097002249 |
| 050 ## - LIBRARY OF CONGRESS CALL NUMBER | |
| Classification number | PZ 7 |
| Item number | .D548 1983 |
| 082 ## - DEWEY DECIMAL CLASSIFICATION NUMBER | |
| Classification number | KF Il6d |
| Item number | 1983 |
| 100 ## - MAIN ENTRY--PERSONAL NAME | |
| Personal name | Dickens, Charles |
| 9 (RLIN) | 3381 |
| 245 ## - TITLE STATEMENT | |
| Title | A Tale of Two Cities |
| Statement of responsibility, etc | by Charles Dickens |
| 260 ## - PUBLICATION, DISTRIBUTION, ETC. (IMPRINT) | |
| Place of publication, distribution, etc | New York: |
| Name of publisher, distributor, etc | Waldman, |
| Date of publication, distribution, etc | 1983 |
| 300 ## - PHYSICAL DESCRIPTION | |
| Size of unit | 238 p. : |
| Extent | 14 cm. |
| 521 ## - TARGET AUDIENCE NOTE | |
| Target audience note | |
| 541 ## - IMMEDIATE SOURCE OF ACQUISITION NOTE | |
| -- | 1 |
| 541 ## - IMMEDIATE SOURCE OF ACQUISITION NOTE | |
| -- | 2 |
| 541 ## - IMMEDIATE SOURCE OF ACQUISITION NOTE | |
| -- | 3 |
| 541 ## - IMMEDIATE SOURCE OF ACQUISITION NOTE | |
| -- | 4 |
| 541 ## - IMMEDIATE SOURCE OF ACQUISITION NOTE | |
| -- | 5 |
| 562 ## - COPY AND VERSION IDENTIFICATION NOTE | |
| Number of copies | 5 |
| 942 ## - ADDED ENTRY ELEMENTS (KOHA) | |
| Source of classification or shelving scheme | Library of Congress Classification |
| Koha item type | |
| Call number prefix | |
| Withdrawn status | Lost status | Source of classification or shelving scheme | Damaged status | Home library | Current library | Shelving location | Date acquired | Total Checkouts | Full call number | Barcode | Date last seen | Date checked out | Copy number | Price effective from | Koha item type | Total Renewals |
|---|---|---|---|---|---|---|---|---|---|---|---|---|---|---|---|---|
| Library of Congress Classification | Luxembourg Library | Luxembourg Library | Kids Fiction Section | 11/20/2012 | 1 | PZ 7 .D548 1983 | 13232 | 08/07/2018 | 08/07/2018 | 1 | 11/20/2012 | Books | ||||
| Library of Congress Classification | Luxembourg Library | Luxembourg Library | Kids Fiction Section | 07/25/2013 | PZ 7 .D548 1983 | 3051 | 07/27/2017 | 2 | 07/25/2013 | Books | ||||||
| Library of Congress Classification | Luxembourg Library | Luxembourg Library | Kids Fiction Section | 07/25/2013 | PZ 7 .D548 1983 | 10154 | 08/13/2013 | 3 | 07/25/2013 | Books | ||||||
| Library of Congress Classification | Luxembourg Library | Luxembourg Library | Kids Fiction Section | 07/25/2013 | PZ 7 .D548 1983 | 10156 | 08/13/2013 | 4 | 07/25/2013 | Books | ||||||
| Library of Congress Classification | Luxembourg Library | Luxembourg Library | Kids Fiction Section | 07/30/2013 | 1 | PZ 7 .D548 1992 | 3873 | 02/01/2016 | 01/07/2016 | 1 | 07/30/2013 | Books | 2 |